000 00230nam a22001097a 4500
082 _aBAN
100 _aBanks Richard
245 _aVisual Studies 2012 cook book
260 _aNew York
_bGlencoe
_c2012
300 _a254
942 _cBK
999 _c57786
_d57783